000 00542nam a22001697a 4500
005 20260407105938.0
008 260306b |||||||| |||| 00| 0 eng d
020 _a978-0-7355-9915-4
050 _aKZ 1249 .A 75 I 58 2011
100 _aCARTER AND WEINER
245 _aCASE LEGAL BRIEFS:INTERNATIONAL LAW
_bKEYED TO COURSES USING CARTER AND WEINER INTERNATIONAL LAW
250 _a6
260 _aNEW YORK,
_bWOLTERS KLUWER LAW AND BUSINESS,
_c2011,
300 _aXiii, 79 P, ILL
650 _aINTERNATIONAL LAW - CASES
942 _2lcc
_cBK
999 _c216800
_d216800